LEADER 02453 am 2200589 n 450 001 9910495708503321 005 20200813 010 $a2-84867-827-5 024 7 $a10.4000/books.pufc.13372 035 $a(CKB)4100000011479611 035 $a(FrMaCLE)OB-pufc-13372 035 $a(oapen)https://directory.doabooks.org/handle/20.500.12854/86228 035 $a(PPN)249721244 035 $a(EXLCZ)994100000011479611 100 $a20200929j|||||||| ||| 0 101 0 $afre 135 $auu||||||m|||| 181 $ctxt$2rdacontent 182 $cc$2rdamedia 183 $acr$2rdacarrier 200 10$aRisque et expertise $e6es conférences Pierre Duhem /$fAlexandre Guay 210 $aBesançon $cPresses universitaires de Franche-Comté$d2020 215 $a1 online resource (116 p.) 225 1 $aSciences : concepts et problèmes 311 $a2-84867-614-0 330 $aLe risque comme l?expertise sont des sujets d?une rare richesse, comme le confirme la vaste littérature sur ces questions. Lorsqu?ils sont croisés, les difficultés que chacun d?entre eux soulève s?en trouvent renforcées. Le présent ouvrage est le produit des sixièmes conférences Pierre Duhem qui avaient pour thème : risque et expertise. Il rassemble les textes originaux de l?économiste Marc Fleurbaey et du philosophe Sven Ove Hansson, ainsi que les échanges qu?ils ont eus avec les commentateurs Mikaël Cozic, Minh Ha-Duong et Emmanuel Henry. Un essai introductif, d?Alexandre Guay, complète le tout. 606 $aHistory & Philosophy Of Science 606 $athéorie de la connaissance 606 $aexpertise 606 $arisque 606 $athéorie de la décision 610 $athéorie de la connaissance 610 $aexpertise 610 $arisque 610 $athéorie de la décision 615 4$aHistory & Philosophy Of Science 615 4$athéorie de la connaissance 615 4$aexpertise 615 4$arisque 615 4$athéorie de la décision 700 $aCozic$b Mikaël$01306218 701 $aFleurbaey$b Marc$0612051 701 $aGuay$b Alexandre$01306219 701 $aHa-Duong$b Minh$0485543 701 $aHenry$b Emmanuel$01306220 701 $aOve Hansson$b Sven$01306221 701 $aGuay$b Alexandre$01306219 801 0$bFR-FrMaCLE 906 $aBOOK 912 $a9910495708503321 996 $aRisque et expertise$93028360 997 $aUNINA LEADER 01649nam0-22005891i-450 001 990001502260403321 005 20260401150718.0 010 $a88-7051-239-8 035 $a000150226 035 $aFED01000150226 035 $a(Aleph)000150226FED01 035 $a000150226 100 $a20030401d2001----km-y0itay50------ba 101 0 $aita 102 $aIT 105 $aa---a---001yy 200 1 $aIstologia$fa cura di Pasquale Rosati e Roberto Colombo 210 $aMilano$cEdi-Ermes$d2001 215 $axv, 670 p.$cill. (col.)$d27 cm 300 $aIn copertina dicitura "quarta edizione" 610 0 $aCitologia 610 0 $aIstologia 676 $a574.824 676 $a611.018 676 $a636.0891018$v22$zita 702 1$aRosati,$bPasquale 702 1$aColombo,$bRoberto$f<1945- > 801 0$aIT$bUNINA$gRICA$2UNIMARC 901 $aBK 912 $a990001502260403321 952 $aIIId C 339$b14060$fDMVSF 952 $aI B 47$b659$fFMVBC 952 $aI B 48$b14060$fFMVBC 952 $a636.0891018 ROS5$b1316$fFMVBC 952 $aI B 50$b1317$fFMVBC 952 $aIIId C 339 bis$b14078$fDMVSF 952 $aBL-574.824-(4$b2639$fNAP10 952 $aBL-574.824-(4 a$b2994$fNAP10 952 $aBL-574.824-(4 b$b2995$fNAP10 952 $a574.824-ROS-2$b2667$fSC1 952 $a90 G 2a 27$b2051$fFMEBC 952 $a574.824-ROS-2A$b2668$fSC1 952 $a574.824-ROS-2B$b2669$fSC1 952 $aT 4a 57$bbiotec88$fFMEBC 959 $aDMVSF 959 $aSC1 959 $aNAP10 959 $aFMEBC 959 $aFMEBC 959 $aFMVBC 996 $aIstologia$9374070 997 $aUNINA